000 00558nam a22001817a 4500
999 _c205467
_d205467
005 20201208145930.0
008 201208b ||||| |||| 00| 0 eng d
040 _cUnza library
100 _aJohn T Addison
245 _aThe consequences of trade union power erosion
_cAddison T.John
260 _aI.Z.A.
260 _c2014
650 _aUnion density
650 _aBargaining structure
650 _aMicro-performance
856 _uhttps://wol.iza.org/uploads/articles/68/pdfs/consequences-of-trade-union-power-erosion.pdf
942 _cE-RESOURCE